Cricket: Most Individual Career ODI Runs - Statistics

General Stats
  • This quiz has been taken 62 times
    41 since last reset
  • The average score is 15 of 20
Answer Stats
Country Runs Answer % Correct
SL 14234 Kumar Sangakkara
100%
IND 18426 Sachin Tendulkar
100%
AUS 13704 Ricky Ponting
94%
IND 12169 Virat Kohli
94%
SL 13430 Sanath Jayasuriya
90%
WI 10405 Brian Lara
87%
IND 10889 Rahul Dravid
87%
WI 10480 Chris Gayle
84%
IND 9205 Rohit Sharma
84%
SA 11579 Jacques Kallis
81%
SL 12650 Mahela Jayawardene
81%
SA 9577 AB de Villiers
77%
PAK 11739 Inzamam-ul-Haq
74%
IND 11363 Sourav Ganguly
74%
SL 10290 Tillakaratne Dilshan
74%
IND 10500 MS Dhoni
71%
PAK 9720 Mohammad Yousuf
55%
IND 9378 Mohammad Azharuddin
48%
AUS 9619 Adam Gilchrist
45%
SL 9284 Aravinda de Silva
39%
No matching quizzes found
Score Distribution
Percent of People with Each Score
Percentile by Number Answered
Your Score History
You have not taken this quiz since the last reset